000 00276nam a2200109Ia 4500
008 200302s9999 xx 000 0 und d
100 _aEl Criquis
245 _aEmbt 2000-2009 Enric Miralles Benedetta Tagliabue
260 _bEuros in Spain
260 _c2009
300 _a258 P.,
999 _c2662
_d2662